[Event "Dvorkovich Memorial op 8th"]
[Site "Taganrog"]
[Date "2013.07.27"]
[Round "6"]
[White "Khlian, Eduard"]
[Black "Kovalchuk, Alexey"]
[Result "1/2-1/2"]
[WhiteElo "2419"]
[BlackElo "2235"]
[PlyCount "49"]
[EventDate "2013.07.22"]
[EventType "swiss"]
[EventRounds "9"]
[EventCountry "RUS"]
[SourceTitle "CBM 155 Extra"]
[Source "ChessBase"]
[SourceDate "2013.08.26"]
[SourceVersion "1"]
[SourceVersionDate "2013.08.26"]
[SourceQuality "1"]

1. d4 d5 2. c4 e6 3. Nc3 c5 4. cxd5 exd5 5. Nf3 Nc6 6. e3 Nf6 7. Be2 cxd4 8. Nxd4 Bd6 9. 0-0 0-0 10. Nf3 Re8 11. b3 Bg4 12. Bb2 Rc8 13. Rc1 Bb8 14. Re1 Qd7 15. h3 Bh5 16. Nh4 Bxe2 17. Nxe2 Ne4 18. Nd4 Be5 19. Nhf3 Bf6 20. Qe2 Nxd4 21. Nxd4 a6 22. Rcd1 h6 23. Rd3 Nc5 24. Rdd1 Ne4 25. Rd3 1/2-1/2

[Event "Dvorkovich Memorial op 8th"]
[Site "Taganrog"]
[Date "2013.07.25"]
[Round "4"]
[White "Khlian, Eduard"]
[Black "Weetik, Vjacheslav"]
[Result "0-1"]
[WhiteElo "2419"]
[BlackElo "2446"]
[PlyCount "60"]
[EventDate "2013.07.22"]
[EventType "swiss"]
[EventRounds "9"]
[EventCountry "RUS"]
[SourceTitle "CBM 155 Extra"]
[Source "ChessBase"]
[SourceDate "2013.08.26"]
[SourceVersion "1"]
[SourceVersionDate "2013.08.26"]
[SourceQuality "1"]

1. Nf3 Nf6 2. g3 d5 3. Bg2 Bf5 4. 0-0 e6 5. d3 h6 6. c4 Nbd7 7. Nc3 c6 8. cxd5 cxd5 9. Nd4 Bh7 10. e4 Bc5 11. Nb3 dxe4 12. dxe4 Be7 13. Qe2 Qb8 14. Rd1 0-0 15. Bf4 e5 16. Be3 Re8 17. Bh3 Nf8 18. f3 Ne6 19. Bxe6 fxe6 20. Qb5 a6 21. Qb6 Bd8 22. Qb4 b6 23. a4 Ra7 24. Na5 Rc7 25. Rd2 Qc8 26. Bxb6 Rxc3 27. Rxd8 Rxd8 28. Qxc3 Qxc3 29. bxc3 Rd3 30. Kf2 Rxc3 0-1

[Event "Dvorkovich Memorial op 8th"]
[Site "Taganrog"]
[Date "2013.07.22"]
[Round "1"]
[White "Osipov, Adam V"]
[Black "Khlian, Eduard"]
[Result "0-1"]
[WhiteElo "2072"]
[BlackElo "2419"]
[PlyCount "96"]
[EventDate "2013.07.22"]
[EventType "swiss"]
[EventRounds "9"]
[EventCountry "RUS"]
[SourceTitle "CBM 155 Extra"]
[Source "ChessBase"]
[SourceDate "2013.08.26"]
[SourceVersion "1"]
[SourceVersionDate "2013.08.26"]
[SourceQuality "1"]

1. Nf3 Nf6 2. c4 e6 3. g3 b6 4. Bg2 Bb7 5. 0-0 Be7 6. b3 0-0 7. Bb2 c5 8. e3 d6 9. d3 a6 10. Nc3 Nbd7 11. Qe2 Rb8 12. Ne1 Bxg2 13. Nxg2 b5 14. e4 Ne8 15. Nd1 Nc7 16. Nde3 bxc4 17. dxc4 a5 18. Rfd1 a4 19. Qc2 Qc8 20. Bc3 Qa6 21. bxa4 Rfd8 22. Be1 Ne5 23. Nf4 Nf3+ 24. Kg2 Nxe1+ 25. Rxe1 Rb4 26. e5 Ra8 27. exd6 Bxd6 28. Nd3 Rxa4 29. Reb1 Qc6+ 30. f3 h5 31. Rb3 h4 32. Nf2 hxg3 33. hxg3 f5 34. a3 Be5 35. Rab1 Rxa3 36. Rxa3 Rxa3 37. Rb3 Ra8 38. Qb1 Bd4 39. Rb6 Qa4 40. Rb8+ Ne8 41. Rxa8 Qxa8 42. Qb6 Kf7 43. Ned1 Qa1 44. Qb7+ Kf6 45. Qb5 Nd6 46. Qb3 Nf7 47. Qb7 Kg6 48. Qb8 Kf6 0-1

[Event "Dvorkovich Memorial op 6th"]
[Site "Taganrog"]
[Date "2011.08.06"]
[Round "6"]
[White "Khlian, Eduard"]
[Black "Rakhmangulov, Andrei"]
[Result "1-0"]
[WhiteElo "2421"]
[BlackElo "2399"]
[PlyCount "119"]
[EventDate "2011.08.01"]
[EventType "swiss"]
[EventRounds "9"]
[EventCountry "RUS"]
[SourceTitle "CBM 144 Extra"]
[Source "ChessBase"]
[SourceDate "2011.10.28"]
[SourceVersion "1"]
[SourceVersionDate "2011.10.28"]
[SourceQuality "1"]

1. d4 b5 2. e4 Bb7 3. Nd2 a6 4. g3 e6 5. Bg2 Nf6 6. Ne2 Be7 7. 0-0 d6 8. b3 Qc8 9. c4 bxc4 10. bxc4 Nbd7 11. Rb1 Rb8 12. Ba3 e5 13. dxe5 dxe5 14. Bxe7 Kxe7 15. Qa4 Rd8 16. c5 c6 17. Qa5 Ba8 18. Nc4 Rb5 19. Qa3 Qc7 20. Nc3 Rxb1 21. Rxb1 Kf8 22. Na4 Kg8 23. f3 Bb7 24. Qc3 Ba8 25. Bf1 h5 26. Qa5 Ne8 27. Qxc7 Nxc7 28. Rd1 Ne6 29. Rd6 Nb8 30. Nxe5 Kf8 31. Rxd8+ Nxd8 32. Bc4 Ke7 33. Kf2 Bb7 34. Ke3 Bc8 35. Kd4 g5 36. f4 gxf4 37. gxf4 Be6 38. f5 Bxc4 39. Nxc4 f6 40. h4 Nf7 41. Nab6 Nh6 42. Ne3 Nf7 43. Nec4 Nh6 44. Ke3 Ng4+ 45. Kf3 Nh2+ 46. Kf4 Ng4 47. e5 Nf2 48. Ke3 Nd1+ 49. Kd4 fxe5+ 50. Kxe5 Nf2 51. f6+ Kf7 52. Kf5 Nd3 53. Ne5+ Nxe5 54. Kxe5 a5 55. a4 Na6 56. Kd6 Kxf6 57. Kxc6 Kf5 58. Nd5 Kg4 59. Kb5 Nxc5 60. Kxc5 1-0

[Event "Dvorkovich Memorial op 5th"]
[Site "Taganrog"]
[Date "2010.08.05"]
[Round "4"]
[White "Khlian, Eduard"]
[Black "Weetik, Vjacheslav"]
[Result "1-0"]
[WhiteElo "2406"]
[BlackElo "2454"]
[PlyCount "68"]
[EventDate "2010.08.02"]
[EventType "swiss"]
[EventRounds "9"]
[EventCountry "RUS"]
[SourceTitle "EXT 2013"]
[Source "ChessBase"]
[SourceDate "2012.11.22"]
[SourceVersion "1"]
[SourceVersionDate "2012.11.22"]
[SourceQuality "1"]

1. Nf3 Nf6 2. g3 d5 3. Bg2 c6 4. 0-0 Bf5 5. Nh4 Bg4 6. h3 Bh5 7. d3 e6 8. g4 Bg6 9. Nd2 Nbd7 10. e3 Bd6 11. Qe2 Qe7 12. f4 0-0-0 13. Nb3 Ne8 14. Nxg6 hxg6 15. e4 dxe4 16. Qxe4 Nef6 17. Qf3 Bc7 18. Bd2 Qd6 19. d4 Nb6 20. Rae1 Nfd5 21. Nc5 Nf6 22. c3 Rh4 23. Re2 Rdh8 24. Kf2 Nfd5 25. Ke1 Rd8 26. f5 gxf5 27. gxf5 exf5 28. Qxf5+ Kb8 29. Re4 Rxe4+ 30. Qxe4 Nc4 31. Bc1 Qg3+ 32. Kd1 Nxc3+ 33. bxc3 Qxc3 34. d5 Ba5 1-0

[Event "Rostov-ch"]
[Site "Rostov on Don"]
[Date "2010.??.??"]
[Round "6"]
[White "Khlian, Eduard"]
[Black "Inozemtsev, Arsen"]
[Result "1/2-1/2"]
[WhiteElo "2406"]
[BlackElo "2128"]
[PlyCount "48"]
[EventDate "2010.11.21"]
[EventType "swiss"]
[EventRounds "9"]
[EventCountry "RUS"]
[SourceTitle "EXT 2012"]
[Source "ChessBase"]
[SourceDate "2011.11.24"]
[SourceVersion "1"]
[SourceVersionDate "2011.11.24"]
[SourceQuality "1"]

1. d4 d5 2. c4 c6 3. Nf3 Nf6 4. e3 e6 5. Bd3 dxc4 6. Bxc4 b5 7. Bd3 Bb7 8. 0-0 Nbd7 9. e4 a6 10. e5 Nd5 11. Ng5 Be7 12. Qg4 g6 13. Nxe6 fxe6 14. Bxg6+ hxg6 15. Qxg6+ Kf8 16. Bh6+ Rxh6 17. Qxh6+ Kf7 18. Qh7+ Kf8 19. Nc3 Nxc3 20. Qh8+ Kf7 21. Qh7+ Kf8 22. bxc3 Qe8 23. Qh8+ Kf7 24. Qh7+ Kf8 1/2-1/2

[Event "Rostov-ch"]
[Site "Rostov on Don"]
[Date "2010.??.??"]
[Round "9"]
[White "Petrova, Olga"]
[Black "Khlian, Eduard"]
[Result "1/2-1/2"]
[WhiteElo "2274"]
[BlackElo "2406"]
[PlyCount "27"]
[EventDate "2010.11.21"]
[EventType "swiss"]
[EventRounds "9"]
[EventCountry "RUS"]
[SourceTitle "EXT 2012"]
[Source "ChessBase"]
[SourceDate "2011.11.24"]
[SourceVersion "1"]
[SourceVersionDate "2011.11.24"]
[SourceQuality "1"]

1. e4 e5 2. Nf3 Nf6 3. Nxe5 d6 4. Nf3 Nxe4 5. d3 Nf6 6. Qe2+ Qe7 7. Qxe7+ Bxe7 8. Nc3 c6 9. Bd2 Na6 10. 0-0-0 Ng4 11. Be3 Nc7 12. h3 Nf6 13. Bg5 Be6 14. Be3 1/2-1/2

[Event "Voronezh op-A"]
[Site "Voronezh"]
[Date "2008.06.16"]
[Round "5"]
[White "Khlian, Eduard"]
[Black "Grigorian, Vardan"]
[Result "1-0"]
[WhiteElo "2454"]
[BlackElo "2276"]
[PlyCount "66"]
[EventDate "2008.06.12"]
[EventType "swiss"]
[EventRounds "9"]
[EventCountry "RUS"]
[SourceTitle "CBM 125 Extra"]
[Source "ChessBase"]
[SourceDate "2008.09.01"]
[SourceVersion "1"]
[SourceVersionDate "2008.09.01"]
[SourceQuality "1"]

1. d4 d5 2. c4 c6 3. Nf3 Nf6 4. e3 a6 5. Nbd2 Bg4 6. h3 Bh5 7. g4 Bg6 8. Ne5 e6 9. h4 dxc4 10. Bg2 Bd3 11. Ndxc4 Bxc4 12. Nxc4 Nfd7 13. Bd2 Ra7 14. Rc1 a5 15. Qc2 Be7 16. g5 0-0 17. a4 b5 18. Na3 b4 19. Nc4 c5 20. 0-0 cxd4 21. exd4 Nb6 22. Nxb6 Qxb6 23. Be3 Qd8 24. Rfd1 Bd6 25. d5 Rc7 26. Qe2 Rxc1 27. Rxc1 exd5 28. Rd1 Qe7 29. Qb5 Qe5 30. Bxd5 Qh2+ 31. Kf1 Bf4 32. Bc5 Rc8 33. Qb7 Re8 1-0

[Event "Lugansk-A"]
[Site "Lugansk"]
[Date "2007.10.??"]
[Round "3"]
[White "Khlian, Eduard"]
[Black "Lastin, Alexander"]
[Result "1/2-1/2"]
[WhiteElo "2444"]
[BlackElo "2597"]
[PlyCount "32"]
[EventDate "2007.10.??"]
[EventType "tourn"]
[EventRounds "17"]
[EventCountry "UKR"]
[EventCategory "6"]
[SourceTitle "EXT 2009"]
[Source "ChessBase"]
[SourceDate "2008.11.26"]
[SourceVersion "1"]
[SourceVersionDate "2008.11.26"]
[SourceQuality "1"]

1. d4 d5 2. c4 c6 3. Nf3 Nf6 4. Nc3 e6 5. e3 Nbd7 6. Qc2 Bd6 7. Be2 0-0 8. 0-0 dxc4 9. Bxc4 a6 10. Rd1 b5 11. Bf1 c5 12. dxc5 Bxc5 13. Ne4 Nxe4 14. Qxe4 Nf6 15. Rxd8 Nxe4 16. Rxf8+ Kxf8 1/2-1/2

[Event "Lugansk-A"]
[Site "Lugansk"]
[Date "2007.10.??"]
[Round "16"]
[White "Khlian, Eduard"]
[Black "Yakovenko, Ivan"]
[Result "1-0"]
[WhiteElo "2444"]
[BlackElo "2280"]
[PlyCount "77"]
[EventDate "2007.10.??"]
[EventType "tourn"]
[EventRounds "17"]
[EventCountry "UKR"]
[EventCategory "6"]
[SourceTitle "EXT 2009"]
[Source "ChessBase"]
[SourceDate "2008.11.26"]
[SourceVersion "1"]
[SourceVersionDate "2008.11.26"]
[SourceQuality "1"]

1. c4 e6 2. Nf3 d5 3. g3 c6 4. Qc2 Nf6 5. Bg2 Bd6 6. d4 Nbd7 7. Nbd2 0-0 8. 0-0 e5 9. cxd5 cxd5 10. dxe5 Nxe5 11. Nxe5 Bxe5 12. Nf3 Bd6 13. Rd1 Be6 14. Be3 Qc7 15. Qxc7 Bxc7 16. Nd4 h6 17. Nb5 Bb6 18. Bxb6 axb6 19. a3 Rac8 20. Nc3 Rfd8 21. Rd4 Rd7 22. Rad1 Rcd8 23. h3 Kf8 24. f4 Ke7 25. g4 g6 26. Kf2 Rd6 27. R1d2 R6d7 28. Rb4 Rd6 29. Na4 Nd7 30. Rb5 Rc8 31. Nc3 d4 32. Ne4 Rd5 33. Rxd5 Bxd5 34. Rxd4 Bxe4 35. Bxe4 Nc5 36. Bf3 Rd8 37. Ke3 Rxd4 38. Kxd4 Kd6 39. Bd5 1-0

[Event "Voronezh op-A 11th"]
[Site "Voronezh"]
[Date "2007.06.18"]
[Round "6"]
[White "Khlian, Eduard"]
[Black "Yaksin, Oleg"]
[Result "1/2-1/2"]
[WhiteElo "2462"]
[BlackElo "2258"]
[PlyCount "54"]
[EventDate "2007.06.12"]
[EventType "swiss"]
[EventRounds "9"]
[EventCountry "RUS"]
[SourceTitle "CBM 118 Extra"]
[Source "ChessBase"]
[SourceDate "2007.07.04"]
[SourceVersion "1"]
[SourceVersionDate "2007.07.04"]
[SourceQuality "1"]

1. d4 Nf6 2. c4 e6 3. Nf3 d5 4. g3 c5 5. cxd5 Nxd5 6. Bg2 Nc6 7. 0-0 cxd4 8. Nxd4 Bc5 9. Nb3 Bb6 10. e4 Ndb4 11. Qe2 0-0 12. Rd1 Qf6 13. a3 Na6 14. Nc3 Nc5 15. Nxc5 Bxc5 16. Be3 Bd4 17. Bxd4 Nxd4 18. Qd3 e5 19. Nd5 Qd6 20. Ne3 Be6 21. Nc2 Rfd8 22. Nxd4 Qxd4 23. Qxd4 Rxd4 24. Rxd4 exd4 25. Rd1 Rd8 26. f4 f6 27. Kf2 g5 1/2-1/2

[Event "RUS-ch 60th zt"]
[Site "Rostov on Don"]
[Date "2007.03.??"]
[Round "3"]
[White "Khlian, Eduard"]
[Black "Elizarov, Dmitry"]
[Result "1-0"]
[WhiteElo "2468"]
[BlackElo "2301"]
[PlyCount "57"]
[EventDate "2007.03.16"]
[EventType "swiss"]
[EventRounds "9"]
[EventCountry "RUS"]
[SourceTitle "EXT 2022"]
[Source "ChessBase"]
[SourceDate "2021.10.06"]
[SourceVersion "1"]
[SourceVersionDate "2021.10.06"]
[SourceQuality "1"]

1. d4 Nf6 2. c4 e6 3. Nf3 Bb4+ 4. Nbd2 d5 5. e3 0-0 6. a3 Bxd2+ 7. Nxd2 b6 8. Be2 Bb7 9. 0-0 c5 10. dxc5 bxc5 11. b4 Qe7 12. bxc5 Na6 13. c6 Bc8 14. Bb2 Nb8 15. cxd5 Nxd5 16. Rc1 Ba6 17. Bxa6 Nxa6 18. Qa4 Nac7 19. Rfd1 Rfc8 20. Ne4 Ne8 21. Nc5 Rab8 22. Be5 Rb6 23. Nd7 Rbxc6 24. Rxc6 Qxd7 25. Ra6 Qxa4 26. Rxa4 f6 27. Ba1 Kf7 28. Bd4 e5 29. Bxe5 1-0

[Event "RUS-ch 60th zt"]
[Site "Rostov on Don"]
[Date "2007.03.??"]
[Round "7"]
[White "Khlian, Eduard"]
[Black "Piskunov, Yury"]
[Result "1-0"]
[WhiteElo "2468"]
[BlackElo "2322"]
[PlyCount "28"]
[EventDate "2007.03.16"]
[EventType "swiss"]
[EventRounds "9"]
[EventCountry "RUS"]
[SourceTitle "EXT 2022"]
[Source "ChessBase"]
[SourceDate "2021.10.06"]
[SourceVersion "1"]
[SourceVersionDate "2021.10.06"]
[SourceQuality "1"]

1. d4 Nf6 2. c4 g6 3. Nf3 Bg7 4. g3 0-0 5. Bg2 d6 6. 0-0 Nbd7 7. Qc2 e5 8. Rd1 Qe7 9. Nc3 c6 10. e4 Rd8 11. h3 exd4 12. Nxd4 a5 13. Be3 Nc5 14. Re1 Ne6 1-0

[Event "RUS-chT2 13th"]
[Site "Sochi"]
[Date "2006.04.26"]
[Round "7"]
[White "Khlian, Eduard"]
[Black "Pushkarev, Dmitry"]
[Result "1/2-1/2"]
[WhiteElo "2474"]
[BlackElo "2337"]
[PlyCount "81"]
[EventDate "2006.04.20"]
[EventType "team"]
[EventRounds "11"]
[EventCountry "RUS"]
[SourceTitle "EXT 2007"]
[Source "ChessBase"]
[SourceDate "2006.11.23"]
[SourceVersion "1"]
[SourceVersionDate "2006.11.23"]
[SourceQuality "1"]

1. d4 Nf6 2. c4 g6 3. Nf3 Bg7 4. g3 0-0 5. Bg2 d6 6. 0-0 c5 7. Nc3 Nc6 8. dxc5 dxc5 9. Bf4 Be6 10. Qa4 Nh5 11. Be3 Nd4 12. Rad1 Qb6 13. Nxd4 cxd4 14. c5 Qxb2 15. Bxd4 Rad8 16. Rb1 Rxd4 17. Qxd4 Qxb1 18. Qxg7+ Kxg7 19. Rxb1 Rc8 20. c6 bxc6 21. Rb7 Nf6 22. Rxa7 Nd5 23. Na4 c5 24. Bxd5 Bxd5 25. Nb6 Rd8 26. a4 Bb3 27. Rc7 Rd1+ 28. Kg2 Ra1 29. e4 c4 30. Nxc4 Rc1 31. Rxe7 Rxc4 32. a5 Ra4 33. Re5 Bc2 34. f3 Ra2 35. Kh3 Bd1 36. Kg4 Ra3 37. Rd5 Bxf3+ 38. Kf4 Bg2 39. Ke5 Ra4 40. Kd6 Bxe4 41. Rc5 1/2-1/2

[Event "RUS-chT2 13th"]
[Site "Sochi"]
[Date "2006.04.23"]
[Round "4"]
[White "Khlian, Eduard"]
[Black "Solovjov, Sergey"]
[Result "1-0"]
[WhiteElo "2474"]
[BlackElo "2457"]
[PlyCount "97"]
[EventDate "2006.04.20"]
[EventType "team"]
[EventRounds "11"]
[EventCountry "RUS"]
[SourceTitle "EXT 2007"]
[Source "ChessBase"]
[SourceDate "2006.11.23"]
[SourceVersion "1"]
[SourceVersionDate "2006.11.23"]
[SourceQuality "1"]

1. d4 Nf6 2. Nf3 d6 3. Nbd2 g6 4. e4 Bg7 5. c3 0-0 6. Bd3 e5 7. 0-0 Nc6 8. Re1 Nh5 9. dxe5 Nxe5 10. Nxe5 dxe5 11. Nc4 Be6 12. Bf1 Nf4 13. Qf3 Qh4 14. Kh1 Rad8 15. g3 Qh5 16. Qxh5 Nxh5 17. Kg1 Rfe8 18. f3 Nf6 19. Nxe5 Nxe4 20. Rxe4 Bd5 21. Nd3 Bxe4 22. fxe4 Rxe4 23. Bf4 Re7 24. Kf2 h6 25. Be3 b6 26. Nb4 Rd6 27. Bf4 Be5 28. Bxh6 Red7 29. Re1 f6 30. Be3 a5 31. Nc2 Rd1 32. Be2 Rxe1 33. Nxe1 g5 34. Nf3 Bd6 35. Nd4 c5 36. Nf5 Be5 37. c4 Kf7 38. Bg4 Rb7 39. Bf3 Rb8 40. Be4 Kg6 41. Kf3 Rh8 42. h4 gxh4 43. gxh4 Kh5 44. Bd5 Kg6 45. Kg4 Re8 46. Bg2 Rg8 47. Ne7+ Kf7+ 48. Nxg8 Kxg8 49. Bf4 1-0

[Event "RUS-chT2"]
[Site "Sochi"]
[Date "2004.04.22"]
[Round "3.4"]
[White "Khlian, Eduard"]
[Black "Chadaev, Nikolay"]
[Result "1-0"]
[WhiteElo "2460"]
[BlackElo "2370"]
[PlyCount "107"]
[EventDate "2004.04.20"]
[EventType "team"]
[EventRounds "9"]
[EventCountry "RUS"]
[SourceTitle "CBM 100 Extra"]
[Source "ChessBase"]
[SourceDate "2004.07.06"]
[SourceVersion "2"]
[SourceVersionDate "2004.07.06"]
[SourceQuality "1"]
[WhiteTeam "09"]
[BlackTeam "12"]
[WhiteTeamCountry "RUS"]
[BlackTeamCountry "RUS"]

1. d4 g6 2. g3 Bg7 3. Bg2 d6 4. e4 Nf6 5. Ne2 0-0 6. Nbc3 Nbd7 7. 0-0 e5 8. h3 exd4 9. Nxd4 Re8 10. Re1 Nc5 11. Bf4 Nh5 12. Be3 Nf6 13. f3 a6 14. Qd2 d5 15. Nde2 Ncd7 16. Nxd5 Ne5 17. Bg5 Bxh3 18. Rad1 Bxg2 19. Kxg2 c6 20. Nxf6+ Bxf6 21. Qc3 Qe7 22. Bxf6 Qxf6 23. f4 Ng4 24. Qxf6 Nxf6 25. Nc3 Red8 26. Kf3 Kf8 27. e5 Ne8 28. Ne4 h5 29. c4 Ke7 30. c5 Nc7 31. Rd6 Nb5 32. Rxd8 Rxd8 33. Nd6 Nd4+ 34. Ke4 Ne6 35. Rc1 Rb8 36. b4 a5 37. bxa5 Kd7 38. f5 gxf5+ 39. Kxf5 Ke7 40. Rb1 Nxc5 41. Nxb7 Nd7 42. Rb3 Ra8 43. Ra3 Ra6 44. Ke4 Ra7 45. a6 f6 46. exf6+ Kxf6 47. Kd4 Ke7 48. Nc5 Kd6 49. Nxd7 Kxd7 50. Kc5 Kc7 51. Ra4 Ra8 52. a7 Kb7 53. Ra3 Kc7 54. Rf3 1-0

[Event "Sarkisov Memorial op"]
[Site "Krasnodar"]
[Date "2003.??.??"]
[Round "?"]
[White "Zakhartsov, Viacheslav V"]
[Black "Khlian, Eduard"]
[Result "1-0"]
[WhiteElo "2515"]
[BlackElo "2427"]
[PlyCount "61"]
[EventDate "2003.??.??"]
[EventType "swiss"]
[EventRounds "9"]
[EventCountry "RUS"]
[SourceTitle "EXT 2005"]
[Source "ChessBase"]
[SourceDate "2004.11.15"]
[SourceVersion "1"]
[SourceVersionDate "2004.11.15"]
[SourceQuality "1"]

1. e4 e6 2. d4 d5 3. Nc3 Bb4 4. e5 Ne7 5. a3 Bxc3+ 6. bxc3 c5 7. Qg4 0-0 8. Bd3 Nbc6 9. Bg5 Qc7 10. Nf3 Ng6 11. h4 cxd4 12. cxd4 h5 13. Qxh5 Nxd4 14. 0-0 Nxf3+ 15. Qxf3 Nxe5 16. Qg3 f6 17. Bf4 Qd8 18. Bxe5 fxe5 19. Qxe5 Qxh4 20. f4 Qf6 21. Qe3 Bd7 22. Rae1 Rf7 23. Rf3 b6 24. Qf2 Rc8 25. Re5 Kf8 26. Qe1 Rc5 27. f5 exf5 28. Rfxf5 Qd6 29. Qh4 Rxf5 30. Qd8+ Kf7 31. Rxf5+ 1-0